WWF/WWE King Of The Ring Winners - Statistics

General Stats
  • This quiz has been taken 153 times
  • The average score is 16 of 20
Answer Stats
Year Winner % Correct
1996 Steve Austin
96%
1997 Triple H
95%
1994 Owen Hart
93%
1991 Bret Hart
92%
1993 Bret Hart
92%
1995 Mabel
89%
2006 Booker T
86%
2002 Brock Lesnar
84%
2000 Kurt Angle
84%
1987 Randy Savage
81%
1999 Billy Gunn
80%
2001 Edge
80%
1986 Harley Race
77%
1985 Don Muraco
75%
2010 Sheamus
75%
2015 Bad News Barrett
74%
1998 Ken Shamrock
73%
2008 William Regal
66%
1988 Ted DiBiase
55%
1989 Tito Santana
54%
No matching quizzes found
Score Distribution
Percent of People with Each Score
Percentile by Number Answered
Your Score History
You have not taken this quiz